| Tag |
First Indicator |
Second Indicator |
Subfields |
| LEADER |
00000cas a2200000 a 4500 |
| 001 |
in00000019419 |
| 005 |
20151007053617.0 |
| 008 |
880505c19889999ne xzp 0 a0eng d |
| 010 |
|
|
|a 92643912
|z sn 88033294
|
| 012 |
|
|
|m 0
|
| 022 |
|
|
|a 0921-3449
|
| 030 |
|
|
|a RCREEW
|
| 035 |
|
|
|a (OCoLC)ocm17900061
|
| 035 |
|
|
|a (OCoLC)17900061
|
| 035 |
|
|
|9 AAB2228AM
|
| 037 |
|
|
|b Journal Information Center, Elsevier Science Publishing Co., Inc., 655 Avenue of the Americas, New York, NY 10010
|
| 040 |
|
|
|a UDI
|c UDI
|d GZM
|d CLU
|d UDI
|d HUL
|d NST
|d NSD
|d IUL
|d NSD
|d NST
|d NSD
|d ELM
|d AGL
|d CAS
|d DLC
|d NST
|d DLC
|d NST
|d CUS
|d NSD
|d UtOrBLW
|
| 042 |
|
|
|a lc
|a nsdp
|
| 049 |
|
|
|a TXAM
|
| 050 |
0 |
0 |
|a TD794.5
|b .R4587
|
| 070 |
0 |
|
|a TP156.R38R47
|
| 072 |
|
0 |
|a W000
|a X600
|a P000
|
| 082 |
0 |
0 |
|a 363.72/82/05
|2 20
|
| 210 |
0 |
|
|a Resour. conserv. recycl.
|
| 222 |
|
0 |
|a Resources, conservation and recycling
|
| 245 |
0 |
0 |
|a Resources, conservation, and recycling.
|
| 264 |
|
1 |
|a Amsterdam ;
|a New York :
|b Elsevier ;
|a Oxford ;
|a New York :
|b Pergamon,
|c 1988-
|
| 300 |
|
|
|a volumes :
|b illustrations ;
|c 27 cm.
|
| 310 |
|
|
|a Irregular
|
| 336 |
|
|
|a text
|b txt
|2 rdacontent
|
| 337 |
|
|
|a unmediated
|b n
|2 rdamedia
|
| 338 |
|
|
|a volume
|b nc
|2 rdacarrier
|
| 362 |
0 |
|
|a Vol. 1, no. 1 (Mar. 1988)-
|
| 500 |
|
|
|a Title from cover.
|
| 510 |
2 |
|
|a Biological abstracts
|x 0006-3169
|b 1988-
|
| 510 |
0 |
|
|a CABS
|
| 510 |
2 |
|
|a Chemical abstracts
|x 0009-2258
|
| 510 |
0 |
|
|a Coal abstracts
|
| 510 |
0 |
|
|a Coal data base (IEAS)
|
| 510 |
0 |
|
|a Computer contents
|
| 510 |
0 |
|
|a Current contents/Agriculture, biology and environmental sciences
|
| 510 |
0 |
|
|a Current contents/Engineering and technology
|
| 510 |
0 |
|
|a Energy information abstracts (and Energyline)
|
| 510 |
0 |
|
|a Engineering index
|
| 510 |
0 |
|
|a Environment abstracts (and Enviroline)
|
| 510 |
0 |
|
|a Environmental health and pollution control
|
| 510 |
0 |
|
|a Environmental periodicals bibliography
|
| 510 |
0 |
|
|a Excerpta medica: environmental health section
|
| 510 |
0 |
|
|a Geo abstracts
|
| 510 |
0 |
|
|a Iron and stell industry profiles
|
| 510 |
0 |
|
|a PASCAL/CNRS database
|
| 510 |
0 |
|
|a Waste management information bulletin
|
| 510 |
0 |
|
|a World aluminum abstracts
|
| 580 |
|
|
|a Formed by the union of: Resources and conservation, and: Conservation & recycling.
|
| 530 |
|
|
|a Available also by subscription via the World Wide Web.
|
| 650 |
|
0 |
|a Recycling (Waste, etc.)
|
| 650 |
|
0 |
|a Conservation of natural resources.
|
| 650 |
|
0 |
|a Natural resourecs
|x Management.
|
| 780 |
1 |
4 |
|t Resources and conservation
|x 0166-3097
|w (DLC)sc 81001026
|w (OCoLC)7581720
|
| 780 |
1 |
4 |
|t Conservation & recycling
|x 0361-3658
|w (DLC) 77643869
|w (OCoLC)2771684
|
| 936 |
|
|
|a Vol. 5, no. 4 (Aug. 1991) LIC
|
| 948 |
|
|
|a MFHD URL added
|b h
|c 2002/10/7
|d c
|e rstovall5
|f 10:56:00 am
|
| 994 |
|
|
|a E0
|b TXA
|
| 999 |
|
|
|a MARS
|
| 999 |
f |
f |
|s 8320cb7a-a428-32c3-a725-02bf33977589
|i e28f5e9b-f9ab-36a9-ac0c-d7c937bcd17d
|t 0
|
| 952 |
f |
f |
|p ric
|a Texas A&M University
|b Rellis Campus
|c Joint Library Facility
|d Remote Storage
|t 0
|e TP995.A1 R45
|h Library of Congress classification
|i unmediated -- volume
|k v.22
|l 1998
|m A14823509101
|
| 952 |
f |
f |
|p ric
|a Texas A&M University
|b Rellis Campus
|c Joint Library Facility
|d Remote Storage
|t 0
|e TP995.A1 R45
|h Library of Congress classification
|i unmediated -- volume
|k v.23
|l 1998
|m A14823509127
|
| 952 |
f |
f |
|p ric
|a Texas A&M University
|b Rellis Campus
|c Joint Library Facility
|d Remote Storage
|t 0
|e TP995.A1 R45
|h Library of Congress classification
|i unmediated -- volume
|k v.14
|l 1995
|m A14819749155
|
| 952 |
f |
f |
|p ric
|a Texas A&M University
|b Rellis Campus
|c Joint Library Facility
|d Remote Storage
|t 0
|e TP995.A1 R45
|h Library of Congress classification
|i unmediated -- volume
|k v.9
|l 1993
|m A14818421966
|
| 952 |
f |
f |
|p ric
|a Texas A&M University
|b Rellis Campus
|c Joint Library Facility
|d Remote Storage
|t 0
|e TP995.A1 R45
|h Library of Congress classification
|i unmediated -- volume
|k v.3
|l 1989/1990
|m A14812911858
|
| 952 |
f |
f |
|p ric
|a Texas A&M University
|b Rellis Campus
|c Joint Library Facility
|d Remote Storage
|t 0
|e TP995.A1 R45
|h Library of Congress classification
|i unmediated -- volume
|k v.2
|l 1989
|m A14812051153
|
| 952 |
f |
f |
|p ric
|a Texas A&M University
|b Rellis Campus
|c Joint Library Facility
|d Remote Storage
|t 0
|e TP995.A1 R45
|h Library of Congress classification
|i unmediated -- volume
|k v.31
|l 2000/2001
|m A14827908276
|
| 952 |
f |
f |
|p ric
|a Texas A&M University
|b Rellis Campus
|c Joint Library Facility
|d Remote Storage
|t 0
|e TP995.A1 R45
|h Library of Congress classification
|i unmediated -- volume
|k v.27
|l 1999
|m A14826829194
|
| 952 |
f |
f |
|p ric
|a Texas A&M University
|b Rellis Campus
|c Joint Library Facility
|d Remote Storage
|t 0
|e TP995.A1 R45
|h Library of Congress classification
|i unmediated -- volume
|k v.20
|l 1997
|m A14824893367
|
| 952 |
f |
f |
|p ric
|a Texas A&M University
|b Rellis Campus
|c Joint Library Facility
|d Remote Storage
|t 0
|e TP995.A1 R45
|h Library of Congress classification
|i unmediated -- volume
|k v.5
|l 1991
|m A14815300268
|
| 952 |
f |
f |
|p ric
|a Texas A&M University
|b Rellis Campus
|c Joint Library Facility
|d Remote Storage
|t 0
|e TP995.A1 R45
|h Library of Congress classification
|i unmediated -- volume
|k v.28
|l 2000
|m A14826829152
|
| 952 |
f |
f |
|p ric
|a Texas A&M University
|b Rellis Campus
|c Joint Library Facility
|d Remote Storage
|t 0
|e TP995.A1 R45
|h Library of Congress classification
|i unmediated -- volume
|k v.12
|l 1994
|m A14819299362
|
| 952 |
f |
f |
|p ric
|a Texas A&M University
|b Rellis Campus
|c Joint Library Facility
|d Remote Storage
|t 0
|e TP995.A1 R45
|h Library of Congress classification
|i unmediated -- volume
|k v.19
|l 1997
|m A14824893317
|
| 952 |
f |
f |
|p ric
|a Texas A&M University
|b Rellis Campus
|c Joint Library Facility
|d Remote Storage
|t 0
|e TP995.A1 R45
|h Library of Congress classification
|i unmediated -- volume
|k v.4
|l 1990
|m A14812954084
|
| 952 |
f |
f |
|p ric
|a Texas A&M University
|b Rellis Campus
|c Joint Library Facility
|d Remote Storage
|t 0
|e TP995.A1 R45
|h Library of Congress classification
|i unmediated -- volume
|k V.17:NO.4
|l 1996
|m A14825971574
|
| 952 |
f |
f |
|p ric
|a Texas A&M University
|b Rellis Campus
|c Joint Library Facility
|d Remote Storage
|t 0
|e TP995.A1 R45
|h Library of Congress classification
|i unmediated -- volume
|k v.17:no.1-3
|l 1996
|m A14824893210
|
| 952 |
f |
f |
|p ric
|a Texas A&M University
|b Rellis Campus
|c Joint Library Facility
|d Remote Storage
|t 0
|e TP995.A1 R45
|h Library of Congress classification
|i unmediated -- volume
|k v.11
|l 1994
|m A14819299265
|
| 952 |
f |
f |
|p ric
|a Texas A&M University
|b Rellis Campus
|c Joint Library Facility
|d Remote Storage
|t 0
|e TP995.A1 R45
|h Library of Congress classification
|i unmediated -- volume
|k v.1
|l 1988
|m A14811726909
|
| 952 |
f |
f |
|p ric
|a Texas A&M University
|b Rellis Campus
|c Joint Library Facility
|d Remote Storage
|t 0
|e TP995.A1 R45
|h Library of Congress classification
|i unmediated -- volume
|k v.29
|l 2000
|m A14826829160
|
| 952 |
f |
f |
|p ric
|a Texas A&M University
|b Rellis Campus
|c Joint Library Facility
|d Remote Storage
|t 0
|e TP995.A1 R45
|h Library of Congress classification
|i unmediated -- volume
|k v.36
|l 2002
|m A14830194909
|
| 952 |
f |
f |
|p ric
|a Texas A&M University
|b Rellis Campus
|c Joint Library Facility
|d Remote Storage
|t 0
|e TP995.A1 R45
|h Library of Congress classification
|i unmediated -- volume
|k v.35
|l 2002
|m A14830195141
|
| 952 |
f |
f |
|p ric
|a Texas A&M University
|b Rellis Campus
|c Joint Library Facility
|d Remote Storage
|t 0
|e TP995.A1 R45
|h Library of Congress classification
|i unmediated -- volume
|k v.25
|l 1999
|m A14824916589
|
| 952 |
f |
f |
|p ric
|a Texas A&M University
|b Rellis Campus
|c Joint Library Facility
|d Remote Storage
|t 0
|e TP995.A1 R45
|h Library of Congress classification
|i unmediated -- volume
|k v.7
|l 1992
|m A14816142435
|
| 952 |
f |
f |
|p ric
|a Texas A&M University
|b Rellis Campus
|c Joint Library Facility
|d Remote Storage
|t 0
|e TP995.A1 R45
|h Library of Congress classification
|i unmediated -- volume
|k v.6
|l 1991/1992
|m A14816132812
|
| 952 |
f |
f |
|p ric
|a Texas A&M University
|b Rellis Campus
|c Joint Library Facility
|d Remote Storage
|t 0
|e TP995.A1 R45
|h Library of Congress classification
|i unmediated -- volume
|k v.32
|l 2001
|m A14827908234
|
| 952 |
f |
f |
|p ric
|a Texas A&M University
|b Rellis Campus
|c Joint Library Facility
|d Remote Storage
|t 0
|e TP995.A1 R45
|h Library of Congress classification
|i unmediated -- volume
|k v.30
|l 2000
|m A14827908315
|
| 952 |
f |
f |
|p ric
|a Texas A&M University
|b Rellis Campus
|c Joint Library Facility
|d Remote Storage
|t 0
|e TP995.A1 R45
|h Library of Congress classification
|i unmediated -- volume
|k v.10
|l 1994
|m A14819299215
|
| 952 |
f |
f |
|p ric
|a Texas A&M University
|b Rellis Campus
|c Joint Library Facility
|d Remote Storage
|t 0
|e TP995.A1 R45
|h Library of Congress classification
|i unmediated -- volume
|k v.13
|l 1995
|m A14819299558
|
| 952 |
f |
f |
|p ric
|a Texas A&M University
|b Rellis Campus
|c Joint Library Facility
|d Remote Storage
|t 0
|e TP995.A1 R45
|h Library of Congress classification
|i unmediated -- volume
|k v.18
|l 1997
|m A14824893260
|
| 952 |
f |
f |
|p ric
|a Texas A&M University
|b Rellis Campus
|c Joint Library Facility
|d Remote Storage
|t 0
|e TP995.A1 R45
|h Library of Congress classification
|i unmediated -- volume
|k v.34
|l 2001/2002
|m A14828786936
|
| 952 |
f |
f |
|p ric
|a Texas A&M University
|b Rellis Campus
|c Joint Library Facility
|d Remote Storage
|t 0
|e TP995.A1 R45
|h Library of Congress classification
|i unmediated -- volume
|k v.26
|l 1999
|m A14824916539
|
| 952 |
f |
f |
|p ric
|a Texas A&M University
|b Rellis Campus
|c Joint Library Facility
|d Remote Storage
|t 0
|e TP995.A1 R45
|h Library of Congress classification
|i unmediated -- volume
|k v.33
|l 2001
|m A14828786813
|
| 952 |
f |
f |
|p ric
|a Texas A&M University
|b Rellis Campus
|c Joint Library Facility
|d Remote Storage
|t 0
|e TP995.A1 R45
|h Library of Congress classification
|i unmediated -- volume
|k v.21
|l 1997
|m A14824893414
|
| 952 |
f |
f |
|p ric
|a Texas A&M University
|b Rellis Campus
|c Joint Library Facility
|d Remote Storage
|t 0
|e TP995.A1 R45
|h Library of Congress classification
|i unmediated -- volume
|k v.16
|l 1996
|m A14824893163
|
| 952 |
f |
f |
|p ric
|a Texas A&M University
|b Rellis Campus
|c Joint Library Facility
|d Remote Storage
|t 0
|e TP995.A1 R45
|h Library of Congress classification
|i unmediated -- volume
|k v.8
|l 1993
|m A14818421974
|
| 952 |
f |
f |
|p ric
|a Texas A&M University
|b Rellis Campus
|c Joint Library Facility
|d Remote Storage
|t 0
|e TP995.A1 R45
|h Library of Congress classification
|i unmediated -- volume
|k v.24
|l 1998
|m A14824916636
|
| 952 |
f |
f |
|p ric
|a Texas A&M University
|b Rellis Campus
|c Joint Library Facility
|d Remote Storage
|t 0
|e TP995.A1 R45
|h Library of Congress classification
|i unmediated -- volume
|k v.15
|l 1995
|m A14823509313
|
| 998 |
f |
f |
|a TP995.A1 R45
|s v.1-36 (1988-2001/2002)
|t 0
|l Remote Storage
|